000 00666nam a22002297a 4500
942 _cBK
999 _c818
_d818
005 20250420134825.0
008 220410b ||||| |||| 00| 0 eng d
020 _a9781599620497
040 _cKCST
082 _a954
_bMe In
100 _a Meola, Eric
_95705
245 _aIndia :
_bin word & image /
_cEric Meola
250 _a1st
260 _aNew York :
_bWelcome Books,
_c2008.
300 _a272 pages :
_bcolor illustrations ;
_c34 cm
650 _aIndia
_vPictorial works.
_95706
650 _aIndia
_vDescription and travel.
_95707
650 _aTravel.
_95708
700 _aMukherjee, Bharati
_eintroduction by:
_95709
942 _2ddc